| 000 | 00802nam a2200253 a 4500 | ||
|---|---|---|---|
| 008 | |||
| 020 | _a0471059889 (pbk.) | ||
| 049 | _aMAIN | ||
| 090 | _aJK516 | ||
| 100 | 1 | _aNeustadt, Richard E. | |
| 245 | 1 | 0 |
_aPresidential power : _bthe politics of leadership from FDR to Carter / _cRichard E. Neustadt. |
| 260 |
_aNew York : _bWiley, _cc1980. |
||
| 300 |
_axv, 286 p. ; _c23 cm. |
||
| 504 | _aIncludes bibliographical references. | ||
| 500 | _aIncludes index. | ||
| 650 | 0 |
_aPresidents _zUnited States. |
|
| 650 | 0 |
_aExecutive power _zUnited States. |
|
| 651 | 0 |
_aUnited States _xPolitics and government _y1945-1989. |
|
| 907 |
_a.b10011171 _b31-05-04 _c17-04-03 |
||
| 003 | |||
| 005 | 20230123133124.0 | ||
| 040 | _cNUST | ||
| 942 |
_cBOOKS _kJK516 |
||
| 999 |
_c143122 _d143122 |
||